CLIC Les points extrêmes dans l'Union Européenne (1) - Statistiques

Statistiques générales
  • Ce quiz a été pris 10 fois
  • Le résultat moyen est 6 sur 27
Statistiques - réponses
Hint Extra Hint Explanation Réponse % Correct
Haugschlag Nord Basse-Autriche Autriche
78%
Melgaço Nord Viana do Castelo Portugal
67%
Deutsch Jahrndorf Est Burgenland Autriche
56%
Bray-Dunes Nord Nord France
44%
Rosport-Mompach Sud Fënterwier Luxembourg
44%
Rottumerplaat Nord Groningue Pays-Bas
44%
Rt Lako Ouest Umag Croatie
33%
Skagen Nord Jutland du Nord Danemark
33%
Bukovec Est Moravie-Silésie Tchéquie
33%
Garbolc Est Szabolcs-Szatmár-Bereg Hongrie
22%
Testa Gemella Occidentale Nord Trentin-Haut-Adige Italie
22%
Mont Shulep Ouest Kyoustendil Bulgarie
11%
Svaneke Est Hovedstaden Danemark
11%
Rohukula Ouest Laanemaa Estonie
11%
Cap d'Otrante Est Pouilles Italie
11%
Roche Bernaude Ouest Piémont Italie
11%
Totorkalnis Nord Apskritis de Panevėžys Lituanie
11%
Żebbuġ Nord Gozo Malte
11%
Paradela Est Bragance Portugal
11%
Kataja Est Suède
11%
Seeberg Sud Carinthie Autriche
0%
Meersel-Dreef Nord province d'Anvers Belgique
0%
Varéna Sud Apskritis d'Alytus Lituanie
0%
Boulaide Est Surré Luxembourg
0%
Marsaskala Est Ile de *** Malte
0%
île de Bugio Sud Madère Portugal
0%
Oravská Polhora Nord Région de Žilina Slovaquie
0%
Aucun quiz correspondant
Distribution des résultats
% des personnes avec chaque résultat
Percentile par nombre de réponses
Votre historique - résultats
Vous n’avez pas pris ce quiz